[Event "16.Città di Padova Open A"]
[Site "Padova Fornace Carotta"]
[Date "2013.12.17"]
[Round "3.22"]
[White "Parrella, Alfredo"]
[Black "Zangrando, Gianpietro"]
[Result "1-0"]
[WhiteElo "2103"]
[BlackElo "1847"]
[Annotator "Gabriele Ballarin"]
[PlyCount "137"]
[EventDate "2013.12.15"]
[EventType "swiss"]
[EventRounds "9"]
[EventCountry "ITA"]

1. d4 e6 2. c4 d5 3. Nf3 c6 4. Qc2 Na6 5. a3 Bd7 6. b4 b5 7. c5 Be7 8. Bb2 f5 9. Ne5 Nf6 10. f3 O-O 11. Nd2 Be8 12. e3 Nb8 13. Bc3 Nfd7 14. Nd3 Bg6 15. Nf4 Bf7 16. Nd3 g5 17. Nf2 Bg6 18. Bd3 Nf6 19. a4 bxa4 20. Rxa4 f4 21. e4 Qe8 22. Qa2 h5 23. h3 Kg7 24. Rxa7 Rxa7 25. Qxa7 Rf7 26. Qa4 Qf8 27. Be2 Qh8 28. Kd1 Qh7 29. Bd3 Qg8 30. Kc2 Qf8 31. Kb2 g4 32. hxg4 hxg4 33. Qc2 g3 34. Nh3 dxe4 35. fxe4 Ng4 36. d5+ e5 37. Nc4 Bf6 38. d6 Rb7 39. Na5 Ne3 40. Qe2 Ra7 41. Bd2 Bd8 42. Nb3 Rb7 43. Bxe3 fxe3 44. Kc3 Qg8 45. Qxe3 Bf7 46. Qxg3+ Kf8 47. Qxg8+ Bxg8 48. Nf2 Rg7 49. g4 Bg5 50. Rh3 Rf7 51. Nd1 Rf4 52. Ne3 Rf2 53. Nf5 Rg2 54. Rh8 Bf6 55. Rh6 Bd8 56. Bc4 Rxg4 57. Rh8 Bf6 58. Rxg8+ Rxg8 59. Bxg8 Kxg8 60. Kc4 Kf7 61. b5 Ke6 62. Na5 Kd7 63. Nxc6 Nxc6 64. bxc6+ Kxc6 65. Ne3 Bh4 66. Nd5 Bf2 67. Nb4+ Kd7 68. Kd5 Bd4 69. Nd3 1-0

[Event "16.Città di Padova Open A"]
[Site "Padova Fornace Carotta"]
[Date "2013.12.17"]
[Round "3.23"]
[White "Franco, Alessandro P"]
[Black "Gallo, Enrico"]
[Result "0-1"]
[WhiteElo "1912"]
[BlackElo "2108"]
[Annotator "Gabriele Ballarin"]
[PlyCount "51"]
[EventDate "2013.12.15"]
[EventType "swiss"]
[EventRounds "9"]
[EventCountry "ITA"]

1. e4 e6 2. d4 d5 3. Nc3 Bb4 4. e5 c5 5. a3 Bxc3+ 6. bxc3 Qc7 7. Bd3 Nc6 8. Nf3 f6 9. exf6 Nxf6 10. O-O c4 11. Be2 O-O 12. Re1 Bd7 13. Bf1 Nd8 14. Ne5 Nf7 15. Bf4 Nd6 16. Rb1 Be8 17. Nxc4 dxc4 18. Rxe6 Rd8 19. Qf3 Bc6 20. Qg3 Qf7 21. Bxd6 Qxe6 22. Bxf8 Rxf8 23. Qe5 Qf7 24. Qc5 Bd5 25. Qxa7 Ne4 26. Re1 0-1

[Event "16.Città di Padova Open A"]
[Site "Padova Fornace Carotta"]
[Date "2013.12.17"]
[Round "3.24"]
[White "Antoniacci, Riccardo"]
[Black "Cardili, Mariano"]
[Result "0-1"]
[WhiteElo "1883"]
[BlackElo "2106"]
[Annotator "Gabriele Ballarin"]
[PlyCount "70"]
[EventDate "2013.12.15"]
[EventType "swiss"]
[EventRounds "9"]
[EventCountry "ITA"]

1. e4 c6 2. d4 d5 3. exd5 cxd5 4. c4 Nf6 5. Nc3 Nc6 6. Bg5 dxc4 7. d5 Ne5 8. Qd4 h6 9. Bf4 Nd3+ 10. Bxd3 cxd3 11. Nf3 g5 12. Be5 Bg7 13. O-O O-O 14. Qxd3 Qb6 15. Ne4 Rd8 16. Nxf6+ Bxf6 17. Rad1 Bg4 18. Rfe1 Rd7 19. Qe4 Bxf3 20. gxf3 Bxe5 21. Qxe5 Rad8 22. Re3 Qc7 23. Qf5 Qc4 24. b3 Qc5 25. Red3 e6 26. Qf6 Rxd5 27. Qxd8+ Rxd8 28. Rxd8+ Kg7 29. R1d3 Kg6 30. R8d7 b5 31. Rb7 h5 32. Rdd7 f6 33. Rxa7 h4 34. h3 Kf5 35. Rd3 Qxa7 0-1

[Event "16.Città di Padova Open A"]
[Site "Padova Fornace Carotta"]
[Date "2013.12.17"]
[Round "3.25"]
[White "Di Lazzaro, Gabriele"]
[Black "Andreoni, Giuseppe"]
[Result "0-1"]
[WhiteElo "1941"]
[BlackElo "2103"]
[Annotator "Gabriele Ballarin"]
[PlyCount "68"]
[EventDate "2013.12.15"]
[EventType "swiss"]
[EventRounds "9"]
[EventCountry "ITA"]

1. d4 Nf6 2. Nc3 d5 3. Bg5 e6 4. e4 dxe4 5. Nxe4 Nbd7 6. Nf3 h6 7. Bh4 Be7 8. Nxf6+ Nxf6 9. Bd3 c5 10. O-O cxd4 11. Nxd4 O-O 12. Nf3 Qb6 13. Rb1 Qa5 14. a3 Qh5 15. Re1 Bd7 16. Re5 Qg4 17. h3 Qa4 18. Qd2 Rfd8 19. Ra5 Qc6 20. Ne5 Qc7 21. Nxd7 Rxd7 22. Bxf6 Bxf6 23. Ra4 {=} Rd4 24. Rxd4 Bxd4 25. c3 Bb6 26. Qe2 Rd8 27. Rd1 Rd5 28. Bc2 Rg5 29. Kh1 Qf4 30. g3 Re5 31. Qd2 Qf3+ 32. Kh2 g6 33. Rf1 Re2 34. Qd3 Rxf2+ 0-1

[Event "16.Città di Padova Open A"]
[Site "Padova Fornace Carotta"]
[Date "2013.12.17"]
[Round "3.26"]
[White "Messina, Roberta"]
[Black "Raimbault, Pierre"]
[Result "1-0"]
[WhiteElo "2066"]
[BlackElo "1884"]
[Annotator "Gabriele Ballarin"]
[PlyCount "125"]
[EventDate "2013.12.15"]
[EventType "swiss"]
[EventRounds "9"]
[EventCountry "ITA"]

1. c4 Nf6 2. g3 c5 3. Bg2 d5 4. cxd5 Nxd5 5. Nc3 Nc7 6. Qa4+ Bd7 7. Qc4 Bc6 8. Bxc6+ Nxc6 9. Qxc5 e6 10. Qh5 Nb4 11. Kf1 Qd7 12. Nf3 Qc6 13. Rg1 Bd6 14. Ne5 Bxe5 15. Qxe5 O-O 16. b3 Rfd8 17. Bb2 f6 18. Qf4 Ncd5 19. Qf3 Nc2 20. Rc1 Nd4 21. Qg4 Nxc3 22. Rxc3 Qb6 23. Rc4 e5 24. Kg2 Ne6 25. d3 a5 26. Rgc1 Rf8 27. Qe4 Kh8 28. Kg1 Ng5 29. Qg2 Qe6 30. h4 Nf7 31. Qxb7 Nd6 32. Rc6 Nxb7 33. Rxe6 Rfc8 34. Rec6 Rd8 35. Rc7 Nd6 36. R1c6 a4 37. b4 a3 38. Bc1 Nb5 39. Rb7 Nd4 40. Rcc7 Nxe2+ 41. Kg2 Nxc1 42. Rxc1 Rxd3 43. Rcc7 h5 44. Rxg7 Rd2 45. Rh7+ Kg8 46. Rbg7+ Kf8 47. Rd7 Rxd7 48. Rh8+ Kf7 49. Rxa8 Rb7 50. Ra4 Ke6 51. Kf3 Kf5 52. Ke3 Rb5 53. f3 Ke6 54. Ra6+ Ke7 55. Ra4 Ke6 56. Kd3 f5 57. Kc4 Rb6 58. b5 Rb8 59. Ra6+ Kd7 60. Rxa3 e4 61. fxe4 fxe4 62. Rb3 Kd6 63. Kd4 1-0

[Event "16.Città di Padova Open A"]
[Site "Padova Fornace Carotta"]
[Date "2013.12.17"]
[Round "3.27"]
[White "Fregonese, Giulio"]
[Black "Favero, Graziano"]
[Result "1-0"]
[WhiteElo "2200"]
[BlackElo "1829"]
[Annotator "Gabriele Ballarin"]
[PlyCount "35"]
[EventDate "2013.12.15"]
[EventType "swiss"]
[EventRounds "9"]
[EventCountry "ITA"]

1. e4 d6 2. d4 Nf6 3. Nc3 g6 4. Bg5 Bg7 5. Qd2 h6 6. Bh4 c6 7. f4 O-O 8. O-O-O b5 9. Bd3 Nbd7 10. e5 dxe5 11. dxe5 b4 12. Ne4 Nd5 13. Nf3 Qa5 14. Kb1 Rb8 15. Ka1 N7b6 16. Nd4 Bd7 17. Nb3 Qa4 18. Nec5 1-0

[Event "16.Città di Padova Open A"]
[Site "Padova Fornace Carotta"]
[Date "2013.12.17"]
[Round "3.28"]
[White "Lantini, Marco"]
[Black "Giuriato, Sergio"]
[Result "1-0"]
[WhiteElo "2089"]
[BlackElo "1963"]
[Annotator "Gabriele Ballarin"]
[PlyCount "65"]
[EventDate "2013.12.15"]
[EventType "swiss"]
[EventRounds "9"]
[EventCountry "ITA"]

1. d4 Nf6 2. c4 e6 3. Nc3 d5 4. cxd5 exd5 5. Bg5 c6 6. e3 Be7 7. Bd3 Nbd7 8. Nge2 O-O 9. O-O Re8 10. Bh4 Nf8 11. f3 Ng6 12. Bf2 Be6 13. g4 Nd7 14. h3 Nb6 15. f4 Bd7 16. f5 Nf8 17. Nf4 Bh4 18. Qf3 Nc4 19. Bxh4 Qxh4 20. Bxc4 dxc4 21. e4 c5 22. dxc5 Qe7 23. Qf2 Rac8 24. Ncd5 Qxc5 25. f6 Qxf2+ 26. Rxf2 Rc5 27. fxg7 Kxg7 28. Nh5+ Kh8 29. Rxf7 Be6 30. Rxb7 Bc8 31. Rxa7 Rxe4 32. Rf1 Kg8 33. Ne7+ 1-0

[Event "16.Città di Padova Open A"]
[Site "Padova Fornace Carotta"]
[Date "2013.12.17"]
[Round "3.29"]
[White "Dorigo, Tommaso"]
[Black "Bucchicchio, Giancarlo"]
[Result "1-0"]
[WhiteElo "1996"]
[BlackElo "2061"]
[Annotator "Gabriele Ballarin"]
[PlyCount "105"]
[EventDate "2013.12.15"]
[EventType "swiss"]
[EventRounds "9"]
[EventCountry "ITA"]

1. e4 c5 2. c3 d6 3. d4 cxd4 4. cxd4 Nf6 5. Nc3 g6 6. Nf3 Bg7 7. Be3 O-O 8. Bd3 Nc6 9. O-O Qa5 10. h3 e5 11. d5 Ne7 12. Qd2 Nh5 13. Nb5 Qxd2 14. Bxd2 Nf4 15. Bc4 a6 16. Nxd6 b5 17. Bb3 f5 18. Bb4 Rd8 19. Nxc8 Nxc8 20. d6+ Kf8 21. Ng5 Nxd6 22. Nf7 Ke7 23. Nxd8 Rxd8 24. exf5 gxf5 25. Rfd1 e4 26. Rxd6 Rxd6 27. Bxd6+ Kxd6 28. Rd1+ Kc5 29. Bg8 Bxb2 30. Bxh7 Ne2+ 31. Kf1 Nd4 32. g4 fxg4 33. hxg4 Nf3 34. Kg2 Ng5 35. Bg8 Bd4 36. Rc1+ Kb4 37. Rb1+ Kc5 38. Rh1 Nf3 39. Rh5+ Kb6 40. Bd5 Ne1+ 41. Kf1 Nd3 42. Rf5 Nb4 43. Ke2 a5 44. g5 a4 45. g6 Bc3 46. Ke3 Nxd5+ 47. Rxd5 b4 48. Rd7 b3 49. axb3 a3 50. g7 a2 51. g8=Q a1=Q 52. Qb8+ Kc5 53. Qd6+ 1-0

[Event "16.Città di Padova Open A"]
[Site "Padova Fornace Carotta"]
[Date "2013.12.17"]
[Round "3.30"]
[White "Movileanu, Daniela"]
[Black "Nepi, Ezio"]
[Result "1-0"]
[WhiteElo "2051"]
[BlackElo "1924"]
[Annotator "Gabriele Ballarin"]
[PlyCount "105"]
[EventDate "2013.12.15"]
[EventType "swiss"]
[EventRounds "9"]
[EventCountry "ITA"]

1. e4 c5 2. Nf3 d6 3. d4 cxd4 4. Nxd4 Nf6 5. Nc3 Nc6 6. Bg5 Bd7 7. Qd2 h6 8. Bxf6 gxf6 9. O-O-O Nxd4 10. Qxd4 Qa5 11. Kb1 Rc8 12. f4 Qc5 13. Be2 Qxd4 14. Rxd4 f5 15. Rhd1 fxe4 16. Nxe4 Bg7 17. R4d2 O-O 18. Ng3 Rc5 19. Nh5 Bh8 20. Rd3 Rfc8 21. R3d2 Bf5 22. Rc1 a5 23. g4 Bd7 24. h3 a4 25. Bd3 a3 26. b3 Be6 27. Rcd1 Bd7 28. Re2 Kf8 29. Ng3 Bb5 30. Nf5 Bxd3 31. Rxd3 Rc3 32. Rde3 Bf6 33. Nxh6 e6 34. g5 Bd4 35. Rd3 Rxd3 36. cxd3 Bb2 37. Rc2 Ra8 38. Rc7 Ra5 39. Rxf7+ Ke8 40. Rc7 Rd5 41. Kc2 Kd8 42. Rxb7 Rc5+ 43. Kd1 Rc1+ 44. Ke2 Rh1 45. Nf7+ Kc8 46. Nxd6+ Kd8 47. Rh7 Bc1 48. g6 Rh2+ 49. Kf3 Bb2 50. g7 Bxg7 51. Rxg7 Rxh3+ 52. Rg3 Rh1 53. Nc4 1-0

[Event "16.Città di Padova Open A"]
[Site "Padova Fornace Carotta"]
[Date "2013.12.17"]
[Round "3.31"]
[White "Sherifaj, Pasho"]
[Black "Viaggi, Stefano"]
[Result "0-1"]
[WhiteElo "1970"]
[BlackElo "2033"]
[Annotator "Gabriele Ballarin"]
[PlyCount "42"]
[EventDate "2013.12.15"]
[EventType "swiss"]
[EventRounds "9"]
[EventCountry "ITA"]

1. e4 c5 2. Nf3 e6 3. Nc3 a6 4. d4 cxd4 5. Nxd4 Qc7 6. Be3 Bb4 7. Qd2 Nf6 8. Bd3 d5 9. f3 e5 10. Nf5 Bxf5 11. exf5 d4 12. Bf2 dxc3 13. Qg5 cxb2+ 14. Ke2 bxa1=Q 15. Rxa1 O-O 16. g4 Nc6 17. h4 Nd4+ 18. Bxd4 exd4 19. Rh1 Qg3 20. Rf1 Rfe8+ 21. Kd1 Re1+ 0-1

[Event "16.Città di Padova Open A"]
[Site "Padova Fornace Carotta"]
[Date "2013.12.17"]
[Round "4.13"]
[White "Gallo, Enrico"]
[Black "Naumkin, Igor"]
[Result "0-1"]
[WhiteElo "2108"]
[BlackElo "2445"]
[Annotator "Gabriele Ballarin"]
[PlyCount "58"]
[EventDate "2013.12.15"]
[EventType "swiss"]
[EventRounds "9"]
[EventCountry "ITA"]

1. e4 e6 2. d4 d5 3. Nd2 a6 4. Bd3 c5 5. c3 Nc6 6. Ne2 cxd4 7. cxd4 Nb4 8. Bb1 dxe4 9. Nxe4 Bd7 10. O-O Bc6 11. Nf4 Nf6 12. Re1 Nxe4 13. Bxe4 Bxe4 14. Rxe4 Be7 15. Bd2 Nd5 16. Nh5 O-O 17. Rg4 g6 18. Bh6 Re8 19. Qf3 Rc8 20. Re1 Qa5 21. Rd1 Qxa2 22. Ng7 Rf8 23. Qd3 Nf6 24. Rg3 Rfd8 25. b3 Qc2 26. Qf3 Rc3 27. Rd3 Rxd3 28. Qxd3 Qxd3 29. Rxd3 Ng4 0-1

[Event "16.Città di Padova Open A"]
[Site "Padova Fornace Carotta"]
[Date "2013.12.17"]
[Round "4.14"]
[White "Bruno, Fabio"]
[Black "Parrella, Alfredo"]
[Result "1-0"]
[WhiteElo "2414"]
[BlackElo "2103"]
[Annotator "Gabriele Ballarin"]
[PlyCount "59"]
[EventDate "2013.12.15"]
[EventType "swiss"]
[EventRounds "9"]
[EventCountry "ITA"]

1. d4 Nf6 2. Nf3 g6 3. c4 Bg7 4. Nc3 d5 5. e3 O-O 6. b4 c6 7. Bb2 Bf5 8. Qb3 h6 9. a4 Ne4 10. cxd5 Nxc3 11. dxc6 Nxc6 12. Bxc3 Rc8 13. Be2 Be6 14. Qb2 Bd5 15. O-O e6 16. Rfc1 g5 17. b5 Ne7 18. Bb4 Re8 19. Rxc8 Nxc8 20. Rc1 Nd6 21. Qc2 f5 22. Qc7 Nf7 23. h3 Qf6 24. Qd7 Rd8 25. Rc8 Rxc8 26. Qxc8+ Kh7 27. Qd7 h5 28. Qxf7 Qxf7 29. Nxg5+ Kg8 30. Nxf7 1-0

[Event "16.Città di Padova Open A"]
[Site "Padova Fornace Carotta"]
[Date "2013.12.17"]
[Round "4.15"]
[White "Borgo, Giulio"]
[Black "Santolini, Luigi"]
[Result "1-0"]
[WhiteElo "2369"]
[BlackElo "2122"]
[Annotator "Gabriele Ballarin"]
[PlyCount "61"]
[EventDate "2013.12.15"]
[EventType "swiss"]
[EventRounds "9"]
[EventCountry "ITA"]

1. e4 e6 2. Qe2 c5 3. Nf3 Nc6 4. g3 g6 5. h4 h6 6. Bg2 Bg7 7. c3 Nge7 8. d4 cxd4 9. cxd4 Nxd4 10. Nxd4 Bxd4 11. O-O Nc6 12. Na3 Bg7 13. Nb5 O-O 14. Rd1 a6 15. Nd6 Nd4 16. Rxd4 Bxd4 17. Bxh6 Qb6 18. Bxf8 Kxf8 19. Nc4 Qc5 20. e5 Rb8 21. Re1 d5 22. Nd6 Bd7 23. Kh2 b5 24. Qf3 Be8 25. Qf4 Kg7 26. Rc1 Qa7 27. Qf6+ Kg8 28. h5 gxh5 29. Nc8 Qd7 30. Ne7+ Kh7 31. Bf1 1-0

[Event "16.Città di Padova Open A"]
[Site "Padova Fornace Carotta"]
[Date "2013.12.17"]
[Round "4.16"]
[White "Aghayev, Miragha"]
[Black "Redo, Giorgio"]
[Result "1-0"]
[WhiteElo "2350"]
[BlackElo "2084"]
[Annotator "Gabriele Ballarin"]
[PlyCount "107"]
[EventDate "2013.12.15"]
[EventType "swiss"]
[EventRounds "9"]
[EventCountry "ITA"]

1. e4 c5 2. Nf3 Nc6 3. d4 cxd4 4. Nxd4 Nf6 5. Nc3 e5 6. Ndb5 Bb4 7. a3 Bxc3+ 8. Nxc3 O-O 9. Bg5 h6 10. Bxf6 Qxf6 11. Bc4 d6 12. O-O Be6 13. Bxe6 fxe6 14. Ne2 Rad8 15. c4 Nd4 16. Qd3 d5 17. exd5 exd5 18. Nxd4 exd4 19. c5 Rc8 20. Rac1 b6 21. b4 bxc5 22. bxc5 Rc6 23. Rc2 Rfc8 24. Rfc1 Qf4 25. g3 Qe4 26. Qd2 d3 27. Rc3 Qe2 28. Qxd3 Qxd3 29. Rxd3 Rxc5 30. Rcd1 Rd8 31. Rd4 Rd6 32. Ra4 a6 33. h4 Kf7 34. Rf4+ Rf6 35. Rfd4 Ke6 36. R1d2 Rf3 37. Rg4 Rf7 38. Rg6+ Ke5 39. Re2+ Kd4 40. Rxa6 Kd3 41. Re3+ Kd2 42. Rd6 Ra7 43. h5 Ra4 44. Re5 Rca5 45. Re7 Rxa3 46. Rxg7 Kc3 47. Rgd7 Ra1+ 48. Kg2 Rd1 49. Rxh6 d4 50. g4 Re5 51. Rc6+ Kd3 52. h6 Rg5 53. f3 Re5 54. Rxd4+ 1-0

[Event "16.Città di Padova Open A"]
[Site "Padova Fornace Carotta"]
[Date "2013.12.17"]
[Round "4.17"]
[White "Cardili, Mariano"]
[Black "Sibilio, Mario"]
[Result "0-1"]
[WhiteElo "2106"]
[BlackElo "2314"]
[Annotator "Gabriele Ballarin"]
[PlyCount "108"]
[EventDate "2013.12.15"]
[EventType "swiss"]
[EventRounds "9"]
[EventCountry "ITA"]

1. d4 c5 2. d5 g6 3. c4 Bg7 4. Nc3 Nf6 5. e4 d6 6. Nf3 O-O 7. Be2 e6 8. O-O exd5 9. cxd5 Bg4 10. Nd2 Bxe2 11. Qxe2 Re8 12. f3 a6 13. a4 Nbd7 14. Nc4 Nb6 15. Nxb6 Qxb6 16. a5 Qc7 17. Qc4 Nd7 18. Bf4 Ne5 19. Bxe5 Bxe5 20. Kh1 Re7 21. Qb3 Rae8 22. Nd1 Bd4 23. g4 Re5 24. Nc3 R5e7 25. Ne2 Bg7 26. Ng3 Rb8 27. Ra2 b6 28. axb6 Qxb6 29. Qc2 a5 30. Ne2 Ra7 31. Nc3 Qb3 32. Qxb3 Rxb3 33. Rc1 Be5 34. Rc2 Rab7 35. Kg2 R7b4 36. h3 Kg7 37. Kf2 Kf6 38. Kg2 Kg5 39. Kf2 h5 40. Kg2 hxg4 41. hxg4 Rb8 42. Ne2 f5 43. exf5 gxf5 44. gxf5 Rg8 45. Rxa5 Kxf5+ 46. Kf2 Bxb2 47. Ra4 Be5 48. Rh4 Rd3 49. Re4 Rxd5 50. Rh4 Rd3 51. Rh7 Rf8 52. Rh3 Ke6 53. Rh6+ Kd5 54. Rh3 c4 0-1

[Event "16.Città di Padova Open A"]
[Site "Padova Fornace Carotta"]
[Date "2013.12.17"]
[Round "4.18"]
[White "Andreoni, Giuseppe"]
[Black "Boscolo, Federico Meneguolo"]
[Result "1/2-1/2"]
[WhiteElo "2103"]
[BlackElo "2295"]
[Annotator "Gabriele Ballarin"]
[PlyCount "32"]
[EventDate "2013.12.15"]
[EventType "swiss"]
[EventRounds "9"]
[EventCountry "ITA"]

1. e4 c5 2. Nf3 Nc6 3. Bb5 d6 4. O-O Bd7 5. Re1 e6 6. c3 a6 7. Bf1 Nf6 8. d4 cxd4 9. cxd4 d5 10. e5 Ne4 11. Nbd2 Nxd2 12. Bxd2 Be7 13. Bd3 Qb6 14. Kh1 Qxb2 15. Rb1 Qa3 16. Re3 Qxa2 {=} 1/2-1/2

[Event "16.Città di Padova Open A"]
[Site "Padova Fornace Carotta"]
[Date "2013.12.17"]
[Round "4.19"]
[White "Moroni, Luca Jr"]
[Black "Messina, Roberta"]
[Result "1-0"]
[WhiteElo "2229"]
[BlackElo "2066"]
[Annotator "Gabriele Ballarin"]
[PlyCount "137"]
[EventDate "2013.12.15"]
[EventType "swiss"]
[EventRounds "9"]
[EventCountry "ITA"]

1. Nf3 d5 2. c4 e6 3. g3 dxc4 4. Qa4+ Bd7 5. Qxc4 c5 6. Bg2 b5 7. Qc2 Nc6 8. O-O Rc8 9. d3 Nf6 10. Nbd2 Be7 11. b3 O-O 12. Bb2 Nd5 13. Rac1 Nd4 14. Qd1 Bf6 15. Nxd4 Bxd4 16. Bxd4 cxd4 17. Bxd5 exd5 18. Nf3 Qf6 19. Qd2 Rc3 20. Qf4 Qxf4 21. gxf4 Rfc8 22. Rxc3 dxc3 23. b4 Bh3 24. Rc1 Rc6 25. Kh1 h6 26. e3 c2 27. Ne1 Bf5 28. f3 Rc3 29. Rxc2 Rxc2 30. Nxc2 Bxd3 31. Nd4 Kf8 32. Kg2 Ke8 33. Kf2 Kd7 34. Ke1 Kc7 35. Kd2 Bc4 36. a3 g6 37. h4 a6 38. e4 Kd7 39. Ke3 Ba2 40. e5 Bb1 41. Nb3 Ke6 42. Nd4+ Kd7 43. Nb3 Ke6 44. Na5 f6 45. Kd4 g5 46. hxg5 fxe5+ 47. fxe5 h5 48. Nb3 h4 49. Nd2 h3 50. Nf1 Kf5 51. Kxd5 Kxg5 52. e6 Kf4 53. Kd6 Kxf3 54. Nd2+ Kf4 55. Nxb1 h2 56. e7 h1=Q 57. e8=Q Qxb1 58. Qe5+ Kg4 59. Qd4+ Kf3 60. Qc3+ Kf4 {=} 61. Kc6 Qe4+ 62. Kb6 Qe6+ 63. Kb7 Qd5+ 64. Kxa6 Qc4 65. Qd2+ Kf3 66. Qd7 Qc1 67. Kxb5 Qf1+ 68. Ka5 Qa1 69. a4 1-0

[Event "16.Città di Padova Open A"]
[Site "Padova Fornace Carotta"]
[Date "2013.12.17"]
[Round "4.20"]
[White "Quaranta, Cristiano"]
[Black "Rosina, Graziano"]
[Result "1/2-1/2"]
[WhiteElo "2169"]
[BlackElo "1811"]
[Annotator "Gabriele Ballarin"]
[PlyCount "171"]
[EventDate "2013.12.15"]
[EventType "swiss"]
[EventRounds "9"]
[EventCountry "ITA"]

1. Nf3 Nf6 2. c4 c5 3. g3 Nc6 4. Nc3 d5 5. cxd5 Nxd5 6. Nxd5 Qxd5 7. Bg2 Qd6 8. d3 e5 9. O-O Be7 10. b3 O-O 11. Bb2 f5 12. Nd2 Bf6 13. Nc4 Qe7 14. Ne3 Be6 15. Nd5 Qd6 16. Nxf6+ gxf6 17. Rc1 Rac8 18. f4 b6 19. Qd2 e4 20. Rfd1 exd3 21. Qxd3 Qxd3 22. Rxd3 Kf7 23. Bc3 Nb4 24. Rd2 Rfd8 25. Rxd8 Rxd8 26. Bxb4 cxb4 27. Rc7+ Rd7 28. Rxd7+ Bxd7 29. Kf2 Ke6 30. Ke3 Kd6 31. Kd4 Be6 32. e3 a5 33. Bf1 h6 34. Bb5 Bc8 35. h3 Bb7 36. Bd3 Bc8 37. Be2 Bb7 38. Bd3 Bc8 39. Bf1 Bb7 40. g4 fxg4 41. hxg4 Bc8 42. Be2 Be6 43. e4 Bd7 44. e5+ fxe5+ 45. fxe5+ Ke7 46. Kd5 a4 47. Bd1 axb3 48. axb3 Bb5 49. Bc2 Be2 50. Bf5 Bb5 51. Bc8 Be2 52. Kd4 Kf7 53. Bf5 Ke7 54. Kd5 Bb5 55. Ke4 Be2 56. Kd4 Bb5 57. Ke3 Bc6 58. Kd4 Bb5 59. Ke3 Bc6 60. Be4 Bd7 61. Kf4 Be6 62. Bc2 Bd5 63. Bd1 Ke6 64. Bc2 Ke7 65. Ke3 Be6 66. Kf3 Bd5+ 67. Kf4 Kf7 68. Kf5 Be6+ 69. Kf4 Bd5 70. g5 hxg5+ 71. Kxg5 Be6 72. Kf4 Ke7 73. Kg5 Bd5 74. Kf4 Ke6 75. Bd1 Ke7 76. Ke3 Be6 77. Kd4 Kd7 78. Bc2 Kc7 79. Bd1 Kd7 80. Kd3 Kc6 81. Bf3+ Kc5 82. Kc2 Kd4 83. Kb2 Kxe5 84. Bd1 Kd4 85. Bh5 Kd3 86. Bg6+ 1/2-1/2

[Event "16.Città di Padova Open A"]
[Site "Padova Fornace Carotta"]
[Date "2013.12.17"]
[Round "4.21"]
[White "Viaggi, Stefano"]
[Black "De Santis, Alessio"]
[Result "0-1"]
[WhiteElo "2033"]
[BlackElo "2282"]
[Annotator "Gabriele Ballarin"]
[PlyCount "64"]
[EventDate "2013.12.15"]
[EventType "swiss"]
[EventRounds "9"]
[EventCountry "ITA"]

1. d4 Nc6 2. Nf3 Nf6 3. c4 d6 4. Nc3 g6 5. Bf4 Bg7 6. h3 O-O 7. e3 Nh5 8. Bh2 f5 9. Be2 Nf6 10. O-O a5 11. Rc1 Bd7 12. c5 Kh8 13. Nb5 Nb4 14. a3 Nbd5 15. cxd6 cxd6 16. Qd3 Qb6 17. Rfd1 a4 18. b4 Ne4 19. Rc2 Bxb5 20. Qxb5 Qxb5 21. Bxb5 Ndc3 22. Be2 Nxd1 23. Bxd1 Rfc8 24. Kf1 Rc3 25. Ne1 Rxa3 26. Rc7 Ra1 27. Bc2 Bf6 28. f3 Bh4 29. g3 Nxg3+ 30. Kg2 Rxe1 31. Bxg3 Bxg3 32. Kxg3 a3 0-1

[Event "16.Città di Padova Open A"]
[Site "Padova Fornace Carotta"]
[Date "2013.12.17"]
[Round "4.22"]
[White "Xia, Jie"]
[Black "Lantini, Marco"]
[Result "0-1"]
[WhiteElo "2280"]
[BlackElo "2089"]
[Annotator "Gabriele Ballarin"]
[PlyCount "74"]
[EventDate "2013.12.15"]
[EventType "swiss"]
[EventRounds "9"]
[EventCountry "ITA"]

1. d4 d5 2. Nf3 Nf6 3. Bf4 c5 4. e3 Nc6 5. c3 Qb6 6. Qc1 Bf5 7. Be2 Bxb1 8. Qxb1 e6 9. O-O Be7 10. Bd3 Rc8 11. Ne5 cxd4 12. exd4 g6 13. Nxc6 bxc6 14. b4 O-O 15. Qd1 Nh5 16. Bh6 Rfe8 17. Re1 Bd6 18. Re5 Bxe5 19. dxe5 f5 20. Qd2 Qc7 21. Re1 c5 22. Bb5 Re7 23. Bg5 Rf7 24. c4 dxc4 25. Bxc4 Ng7 26. b5 Rd7 27. Qc3 Rd4 28. h3 f4 29. a4 Qf7 30. Qb3 Re8 31. a5 Qf5 32. h4 f3 33. gxf3 h6 34. Be3 Rxh4 35. Bxc5 Qf4 36. Re4 Qh2+ 37. Kf1 Qh1+ 0-1

[Event "16.Città di Padova Open A"]
[Site "Padova Fornace Carotta"]
[Date "2013.12.17"]
[Round "4.23"]
[White "Massironi, Marco"]
[Black "Movileanu, Daniela"]
[Result "1/2-1/2"]
[WhiteElo "2221"]
[BlackElo "2051"]
[Annotator "Gabriele Ballarin"]
[PlyCount "75"]
[EventDate "2013.12.15"]
[EventType "swiss"]
[EventRounds "9"]
[EventCountry "ITA"]

1. e4 c5 2. Nf3 g6 3. d4 cxd4 4. Nxd4 Nc6 5. c4 Bg7 6. Be3 Nf6 7. Nc3 O-O 8. Be2 d6 9. O-O Bd7 10. Qd2 Rc8 11. b3 Re8 12. f3 Qa5 13. Rfd1 Nxd4 14. Bxd4 Bc6 15. Qb2 Nh5 16. Bxg7 Nxg7 17. b4 Qe5 18. g3 Ne6 19. f4 Qf6 {=} 20. Qd2 b6 21. Nd5 Qg7 22. Rac1 Ba4 23. Rf1 Bc6 24. f5 Qd4+ 25. Qxd4 Nxd4 26. Bd3 gxf5 27. exf5 b5 28. Rce1 Bxd5 29. cxd5 Rc3 30. Rd1 Nc2 31. Bxb5 Rb8 32. a4 Ne3 33. Rc1 Nxd5 34. Rcd1 Nc7 35. f6 Nxb5 36. fxe7 Re3 37. axb5 Rxe7 38. Rxd6 1/2-1/2

[Event "16.Città di Padova Open A"]
[Site "Padova Fornace Carotta"]
[Date "2013.12.17"]
[Round "4.24"]
[White "Zangrando, Gianpietro"]
[Black "Fregonese, Giulio"]
[Result "0-1"]
[WhiteElo "1847"]
[BlackElo "2200"]
[Annotator "Gabriele Ballarin"]
[PlyCount "78"]
[EventDate "2013.12.15"]
[EventType "swiss"]
[EventRounds "9"]
[EventCountry "ITA"]

1. Nf3 Nf6 2. g3 g6 3. Bg2 Bg7 4. O-O O-O 5. d4 d5 6. Ne5 Ng4 7. Nf3 c5 8. h3 Nf6 9. dxc5 Na6 10. Be3 Qc7 11. Bd4 Nxc5 12. Be5 Qd8 13. Nc3 Ncd7 14. Bd4 Nb6 15. Ne5 Be6 16. Nd3 Bd7 17. Ne5 Bc8 18. Rb1 e6 19. e3 Nbd7 20. Nxd7 Bxd7 21. e4 {=} dxe4 22. Nxe4 e5 23. Bc5 Nxe4 24. Bxf8 Nxf2 25. Rxf2 Bxf8 26. Kh2 Qb6 27. Rxf7 Kxf7 28. Qxd7+ Kg8 29. Qd5+ Kh8 30. Qxb7 Qxb7 31. Bxb7 Rd8 32. Be4 Rd2+ 33. Kg1 Bc5+ 34. Kh1 Bf2 35. Kg2 Bd4+ 36. Kf3 Rf2+ 37. Kg4 Kg7 38. h4 Re2 39. Kf3 Re3+ 0-1

[Event "16.Città di Padova Open A"]
[Site "Padova Fornace Carotta"]
[Date "2013.12.17"]
[Round "4.25"]
[White "Seyfried, Claus"]
[Black "Dorigo, Tommaso"]
[Result "1-0"]
[WhiteElo "2190"]
[BlackElo "1996"]
[Annotator "Gabriele Ballarin"]
[PlyCount "111"]
[EventDate "2013.12.15"]
[EventType "swiss"]
[EventRounds "9"]
[EventCountry "ITA"]

1. e4 Nf6 2. e5 Nd5 3. d4 d6 4. Nf3 Bg4 5. exd6 exd6 6. Be2 Be7 7. h3 Bh5 8. c4 Nf6 9. Nc3 O-O 10. O-O c6 11. Bf4 Nbd7 12. Re1 Re8 13. Rc1 Qa5 14. Qd2 Bf8 15. a3 h6 16. b4 Qxa3 17. Rb1 Bg6 18. Rb2 Ne4 19. Nxe4 Bxe4 20. Ra2 Qb3 21. Rc1 c5 22. dxc5 dxc5 23. b5 Nb6 24. Rb2 Qa3 25. Bc7 Be7 26. Ra2 Qb3 27. Rb2 Qa3 28. Ra2 Qb4 29. Qf4 Bg6 30. h4 Nd7 31. Ne5 Nxe5 32. Bxe5 Bxh4 33. Bc3 Qb3 34. Rb2 Qa3 35. Qf3 Be4 36. Qg4 Bg6 37. Bd3 Bf6 38. Bxg6 Bxc3 39. Rbc2 Bd4 40. Be4 Re7 41. Re1 g6 42. Rce2 h5 43. Qg5 Re5 44. Qf4 Re6 45. Bxb7 Rf6 46. Qh6 Bxf2+ 47. Rxf2 Rxf2 48. Kxf2 Qb2+ 49. Kg1 Qc3 50. Qe3 Qxe3+ 51. Rxe3 Rd8 52. Re7 Rd1+ 53. Kh2 Kf8 54. Rc7 f5 55. Bd5 Rd4 56. Rxa7 1-0